00000000nam##2200000za#4500
0019.605998
003CaOODSP
00520210624212413
007cr |||||||||||
008150406|2005||||xxc|||||o    f|0| 0 fre|d
040 |aCaOODSP|bfre
043 |an-cn---
0861 |aBT31-2/2006-III-120F-PDF
1101 |aCanada. |bConseil du trésor.
24510|aAgence des services frontaliers du Canada |h[ressource électronique]
260 |aOttawa - Ontario : |bSecrétariat du Conseil du Trésor du Canada |c2005.
300 |a50p.|bfigures, organigramme, tableaux, photographies
4901 |aBudget des dépenses 2005-2006. Partie III, Rapport sur les plans et les priorités
500 |a« Budget des dépenses de 2005-2006 à 2007-2008 »--p.1 de 50.
590 |a13-19-Supp|b2013-08-14
77508|tCanada Border Services Agency |w(CaOODSP)9.577191
7760#|tCanada Border Services Agency |w(CaOODSP)9.540946
7760#|tAgence des services frontaliers du Canada |w(CaOODSP)9.540947
830#0|aBudget des dépenses 2005-2006. Partie III, Rapport sur les plans et les priorités.|w(CaOODSP)9.501323
85640|ahttp://publications.gc.ca|qPDF|s828 Ko|uhttps://publications.gc.ca/collections/Collection/BT31-2-2006-III-120F.pdf